MARC details
| 000 -LEADER |
| fixed length control field |
01794nam a2200517 a 4500 |
| 001 - CONTROL NUMBER |
| control field |
22962 |
| 003 - CONTROL NUMBER IDENTIFIER |
| control field |
CZ PrNK |
| 005 - DATE AND TIME OF LATEST TRANSACTION |
| control field |
20260513081653.0 |
| 007 - PHYSICAL DESCRIPTION FIXED FIELD--GENERAL INFORMATION |
| fixed length control field |
tu |
| 008 - FIXED-LENGTH DATA ELEMENTS--GENERAL INFORMATION |
| fixed length control field |
970908s1996 xr a e 001 0 cze |
| 015 ## - NATIONAL BIBLIOGRAPHY NUMBER |
| National bibliography number |
cnb000272527 |
| 020 ## - INTERNATIONAL STANDARD BOOK NUMBER |
| International Standard Book Number |
8085956063 |
| Qualifying information |
(v knize neuvedeno ; |
| -- |
váz.) |
| 035 ## - SYSTEM CONTROL NUMBER |
| System control number |
(OCoLC)37963783 |
| 040 ## - CATALOGING SOURCE |
| Original cataloging agency |
ABA001 |
| Language of cataloging |
cze |
| 041 1# - LANGUAGE CODE |
| Language code of text/sound track or separate title |
cze |
| Language code of original |
eng |
| 072 #7 - SUBJECT CATEGORY CODE |
| Subject category code |
635 |
| Subject category code subdivision |
Zahrádkářství |
| Source |
Konspekt |
| 080 ## - UNIVERSAL DECIMAL CLASSIFICATION NUMBER |
| Universal Decimal Classification number |
582.711.16 |
| Edition identifier |
MRF |
| 080 ## - UNIVERSAL DECIMAL CLASSIFICATION NUMBER |
| Universal Decimal Classification number |
635.914 |
| Edition identifier |
MRF |
| 080 ## - UNIVERSAL DECIMAL CLASSIFICATION NUMBER |
| Universal Decimal Classification number |
(035) |
| Edition identifier |
MRF |
| 080 ## - UNIVERSAL DECIMAL CLASSIFICATION NUMBER |
| Universal Decimal Classification number |
(084.11) |
| Edition identifier |
MRF |
| 100 1# - MAIN ENTRY--PERSONAL NAME |
| Personal name |
Hewitt, Terry |
| Relationship |
aut |
| 245 10 - TITLE STATEMENT |
| Title |
Kaktusy & sukulenty : |
| Remainder of title |
průvodce od A do Z : [praktická příručka o pěstování, přesazování a rozmnožování] / |
| Statement of responsibility, etc. |
Terry Hewitt ; [z angličtiny přeložili Barbora Budíková a Jan Chovanec] |
| 246 3# - VARYING FORM OF TITLE |
| Title proper/short title |
Kaktusy a sukulenty |
| 250 ## - EDITION STATEMENT |
| Edition statement |
1. čes. vyd. |
| 260 ## - PUBLICATION, DISTRIBUTION, ETC. |
| Place of publication, distribution, etc. |
Brno : |
| Name of publisher, distributor, etc. |
SVAN, |
| Date of publication, distribution, etc. |
1996 |
| 300 ## - PHYSICAL DESCRIPTION |
| Extent |
176 s. : |
| Other physical details |
barev. il. ; |
| Dimensions |
29 cm |
| 500 ## - GENERAL NOTE |
| General note |
Vysvětl. |
| 500 ## - GENERAL NOTE |
| General note |
Seznamy doporučených rostlin |
| 500 ## - GENERAL NOTE |
| General note |
Adresář pěstitelských společností |
| 504 ## - BIBLIOGRAPHY, ETC. NOTE |
| Bibliography, etc. note |
Věcný a názvový rejstřík |
| 650 07 - SUBJECT ADDED ENTRY--TOPICAL TERM |
| Topical term or geographic name entry element |
sukulentní rostliny |
| Source of heading or term |
czenas |
| 650 07 - SUBJECT ADDED ENTRY--TOPICAL TERM |
| Topical term or geographic name entry element |
kaktusy |
| Source of heading or term |
czenas |
| 650 09 - SUBJECT ADDED ENTRY--TOPICAL TERM |
| Topical term or geographic name entry element |
succulents |
| Source of heading or term |
eczenas |
| 650 09 - SUBJECT ADDED ENTRY--TOPICAL TERM |
| Topical term or geographic name entry element |
cactuses |
| Source of heading or term |
eczenas |
| 655 #7 - INDEX TERM--GENRE/FORM |
| Genre/form data or focus term |
obrazové publikace |
| Source of term |
czenas |
| 655 #7 - INDEX TERM--GENRE/FORM |
| Genre/form data or focus term |
příručky |
| Source of term |
czenas |
| 655 #9 - INDEX TERM--GENRE/FORM |
| Genre/form data or focus term |
pictorial works |
| Source of term |
eczenas |
| 655 #9 - INDEX TERM--GENRE/FORM |
| Genre/form data or focus term |
handbooks and manuals |
| Source of term |
eczenas |
| 700 1# - ADDED ENTRY--PERSONAL NAME |
| Personal name |
Chovancová, Barbora, |
| Dates associated with a name |
1972- |
| Relationship |
trl |
| 700 1# - ADDED ENTRY--PERSONAL NAME |
| Personal name |
Chovanec, Jan, |
| Dates associated with a name |
1973- |
| Relationship |
trl |
| 765 0# - ORIGINAL LANGUAGE ENTRY |
| Title |
Complete book of cacti & succulents |
| 856 41 - ELECTRONIC LOCATION AND ACCESS |
| Uniform Resource Identifier |
<a href="https://ndk.cz/uuid/uuid:f54f9320-894f-11f0-9c4b-5ef3fc9bb22f">https://ndk.cz/uuid/uuid:f54f9320-894f-11f0-9c4b-5ef3fc9bb22f</a> |
| Link text |
Digitalizovaný dokument |
| 901 ## - LOCAL DATA ELEMENT A, LDA (RLIN) |
| o |
19970917 |
| f |
1. čes. vyd. |
| g |
ISBN v publikaci není vytištěno |
| 910 ## - USER-OPTION DATA (OCLC) |
| User-option data |
ABA001 |
| 942 ## - ADDED ENTRY ELEMENTS (KOHA) |
| Source of classification or shelving scheme |
Dewey Decimal Classification |
| Koha item type |
Odborná literatúra pre dospelých |
| Suppress in OPAC |
No |